MDQL
is popping MORE tags! Check the
thread
!
Quizzes
Events
Quiz Creation
Community
Videos
Private Events
Remove Ads
Sign In
Join for FREE
Feedback
Dark Mode
Quiz Categories
Sports
Geography
Music
Movies
Television
Just For Fun
Miscellaneous
History
Literature
Language
Science
Gaming
Entertainment
Religion
Holiday
For Kids
Quiz Lab
Recent
Popular Today
Quiz Kudos Today
Editor Picks
Curator Picks
Quizzes by...
Day
Popularity
Type
Ratings
Length
Year
Community
Subscriptions
Recent Discussions
Orange Saloon
Badges
Playlists
Quests
Create
Leaderboards
Showdown
Live 5
Trivia Bingo
Activity
Puzzle Library
Sporcle Events
Private Events
Virtual Trivia
Globe League
Become a Host
Pub Owners
SporcleCon
Opinionation
Our Games
Videos
Blog
Mobile Apps
Partnerships
Remove Ads and Go Orange
Feedback
Sports
Athletes
MLB
NBA
NHL
NFL
Soccer
Sports Teams
WWE
NCAA
Football
Premier League
Basketball
Baseball
Hockey
Golf
Tennis
Cricket
Rugby
Auto Racing
Olympics
World Cup
Sports
Athletes
MLB
NBA
NHL
NFL
Soccer
Sports Teams
WWE
NCAA
Football
Premier League
Basketball
Baseball
Hockey
Golf
Tennis
Cricket
Rugby
Auto Racing
Olympics
World Cup
Random Quiz
Search Sporcle
×
Quiz Lab
Quiz Lab
Sports
Numbers
Type in answers that appear in a list
Type in answers that appear in a list
Classic
Best Score? Go Orange.
Cubs Starting Pitchers from 1990-2009 Stats
Can you name the Cubs Starting Pitchers from 1990-2009?
By
mcritic
15m
198 Questions
497 Plays
497 Plays
497 Plays
Comments
Comments
Give Quiz Kudos
Give Quiz Kudos
-
- Ratings
hide this ad
Replay
Link that replays current quiz
Next Quiz
Link to next quiz in quiz playlist
You Got
0%
They Got
Avg Score
39%
Avg Friend Score
Upgrade to see
Score Distribution
Jump to the score distribution portion of the page
Score
0/198
Timer
15:00
0
Plays Today
Pitcher
% Correct
Carlos Zambrano
98.2%
Carlos Zambrano
98.2%
Carlos Zambrano
98.2%
Carlos Zambrano
98.2%
Carlos Zambrano
98.2%
Carlos Zambrano
98.2%
Carlos Zambrano
98.2%
Carlos Zambrano
98.2%
Carlos Zambrano
98.2%
Kerry Wood
96.2%
Kerry Wood
96.2%
Kerry Wood
96.2%
Kerry Wood
96.2%
Kerry Wood
96.2%
Kerry Wood
96.2%
Kerry Wood
96.2%
Kerry Wood
96.2%
Mark Prior
93.8%
Mark Prior
93.8%
Mark Prior
93.8%
Mark Prior
93.8%
Mark Prior
93.8%
Greg Maddux
92.2%
Greg Maddux
92.2%
Greg Maddux
92.2%
Greg Maddux
92.2%
Greg Maddux
92.2%
Greg Maddux
92.2%
Ted Lilly
83.5%
Ted Lilly
83.5%
Ted Lilly
83.5%
Ryan Dempster
78.9%
Ryan Dempster
78.9%
Ryan Dempster
78.9%
Steve Trachsel
59%
Steve Trachsel
59%
Steve Trachsel
59%
Steve Trachsel
59%
Steve Trachsel
59%
Steve Trachsel
59%
Steve Trachsel
59%
Steve Trachsel
59%
Jon Lieber
57.5%
Jon Lieber
57.5%
Jon Lieber
57.5%
Jon Lieber
57.5%
Jon Lieber
57.5%
Rick Sutcliffe
55.7%
Rick Sutcliffe
55.7%
Matt Clement
55.7%
Matt Clement
55.7%
Matt Clement
55.7%
Rich Harden
55.7%
Rich Harden
55.7%
Kevin Tapani
54.1%
Kevin Tapani
54.1%
Kevin Tapani
54.1%
Kevin Tapani
54.1%
Kevin Tapani
54.1%
Randy Wells
51.7%
Jerome Williams
49.7%
Rich Hill
49.7%
Rich Hill
49.7%
Jerome Williams
49.7%
Rich Hill
49.7%
Rich Hill
49.7%
Pitcher
% Correct
Mitch Williams
49.5%
Sean Marshall
48.9%
Sean Marshall
48.9%
Sean Marshall
48.9%
Sean Marshall
48.9%
Jason Marquis
47.7%
Jason Marquis
47.7%
Danny Jackson
46.3%
Danny Jackson
46.3%
Mike Morgan
43.1%
Mike Morgan
43.1%
Mike Morgan
43.1%
Mike Morgan
43.1%
Mike Morgan
43.1%
Jose Guzman
40.6%
Jose Guzman
40.6%
Carlos Marmol
40.6%
Angel Guzman
40.4%
Angel Guzman
40.4%
Angel Guzman
40.4%
Geremi Gonzalez
40%
Geremi Gonzalez
40%
Mike Bielecki
39.4%
Mike Bielecki
39.4%
Terry Mulholland
36%
Terry Mulholland
36%
Terry Mulholland
36%
Shawn Estes
34.6%
Kevin Foster
33.6%
Kevin Foster
33.6%
Kevin Foster
33.6%
Kevin Foster
33.6%
Mike Harkey
33%
Mike Harkey
33%
Mike Harkey
33%
Mike Harkey
33%
Frank Castillo
31.6%
Frank Castillo
31.6%
Frank Castillo
31.6%
Frank Castillo
31.6%
Jaime Navarro
31.6%
Frank Castillo
31.6%
Jaime Navarro
31.6%
Frank Castillo
31.6%
Frank Castillo
31.6%
Anthony Young
31%
Anthony Young
31%
Steve Wilson
29.4%
Jeff Samardzija
28.6%
Jim Bullinger
28.2%
Jim Bullinger
28.2%
Jim Bullinger
28.2%
Jim Bullinger
28.2%
Mark Clark
26.8%
Mark Clark
26.8%
Kyle Farnsworth
25.4%
Kyle Farnsworth
25.4%
Tom Gorzelanny
24.5%
Juan Cruz
23.7%
Juan Cruz
23.7%
Juan Cruz
23.7%
Glendon Rusch
23.1%
Glendon Rusch
23.1%
Glendon Rusch
23.1%
Les Lancaster
21.9%
Les Lancaster
21.9%
Pitcher
% Correct
Scott Sanders
21.7%
Wade Miller
21.3%
Wade Miller
21.3%
Shawn Boskie
20.1%
Shawn Boskie
20.1%
Shawn Boskie
20.1%
Shawn Boskie
19.3%
Jason Bere
19.1%
Jason Bere
19.1%
Greg Hibbard
18.1%
Rodney Myers
17.7%
Sean Gallagher
17.3%
Ruben Quevedo
15.5%
Jeff Pico
15.1%
Kevin Hart
14.9%
Julian Tavarez
14.5%
Willie Banks
14.1%
Sergio Mitre
13.9%
Sergio Mitre
13.9%
Sergio Mitre
13.9%
Ryan O'Malley
13.9%
Joe Borowski
13.1%
Bob Scanlan
11.7%
Turk Wendell
11.5%
Turk Wendell
11.5%
Amaury Telemaco
11.3%
Amaury Telemaco
11.3%
Scott Downs
10.9%
Ismael Valdez
10.7%
Alan Benes
10.5%
Micah Bowie
10.1%
Lance Dickson
9.9%
Ken Patterson
9.3%
Andrew Lorraine
8.7%
Andrew Lorraine
8.7%
Juan Mateo
7.8%
Jae Kuk Ryu
7.8%
Jose Bautista
6.6%
Les Walrond
6.4%
Jeff Robinson
6.2%
Jon Leicester
6.2%
John Koronka
6%
Daniel Garibay
5.6%
Steve Smyth
5.4%
Chuck Crim
4.8%
Mike Campbell
4.2%
Miguel Batista
4.2%
Don Wengert
4.2%
Jose Nunez
4%
Randy Kramer
3.8%
Kevin Blankenship
3.8%
Pat Mahomes
3.6%
Joey Nation
3.4%
Dan Serafini
3.2%
Todd Van Poppel
3.2%
Jamie Arnold
3%
Phil Norton
3%
Kevin Coffman
2.8%
Brad Woodall
2.8%
Manuel Aybar
2.8%
Brian McNichol
2.4%
Dennis Rasmussen
2.2%
Dave Swartzbaugh
2.2%
Dave Swartzbaugh
2.2%
William Brennan
1.8%
Jerry Spradlin
1.6%
Quiz Playlist
Details
Report
Send in Message
Add To Playlist
Classic:
Type in answers that appear in a list
Last Updated: Feb 16, 2017
Quiz Scoreboard
CHALLENGE
Sign Up to Join the Scoreboard
Show All
Scores
Hide
Comments
May contain spoilers
Recently Published
1-10 Letter E Words III
by El_Dandy
Language
2m
Street Fighter Characters
by Artimus82
Gaming
60s
College Basketball Coaching Resumes
by pancakes188
Sports
9m
More to Explore
Quiz From the Vault
Featured Blog Post
Where Did the Easter Bunny Come From?
hide this ad
You Might Also Like...
Tags
Numbers Quiz
1990s
Chicago Cubs
Pitchers
start
Starting
Today's Top Quizzes in Sports
Browse Sports
hide this ad
Today's Top Quizzes in Numbers
Browse Numbers
Top Contributed Quizzes in Sports
1
2022 World Cup Stars
2
Les meilleurs buteurs des matchs entre le PSG et l’OM
3
FIFA Club World Cup Champions
4
Les entraîneurs de l'OM et du PSG au 21e siècle
5
Criteria MLB: Left Handed Sluggers
6
2023 MLB Unique Player Accomplishments
7
AFC Teams Reveal (Wrong Answers Minefield)
8
Players with Multiple 50 Home Run Seasons
9
5-to-1: FBS Animal Nicknames
10
5-to-1: UK Sports Teams
Explore More
Trending Topics
Kpop
Anime
Disney
Crossword
Marvel
NBA
Harry Potter
Song
Country
The Office
Soccer
NFL
WWE
Pokémon
Puzzle
hide this ad
More By:
mcritic
Quiz
Plays
Rating
Category
Featured
Created
Braves Starting Pitchers from 1990-2009
3,073
4.37
Sports
Nov 12, 2009
Transformers Robot Groups
684
3.67
Television
Dec 7, 2009
Cubs Starting Pitchers from 1990-2009
497
4.67
Sports
Nov 10, 2009
Cubs Position Players from 1990-1998
267
4.67
Sports
Apr 13, 2010
Cubs Position Players from 1999-2006
201
5.00
Sports
Apr 13, 2010
Go to Creator's Profile
Score Distribution
Quiz Creator Spotlight
mcritic
Follow
Send a Message
Quizzes Created
-
Created Quiz Play Count
-
More By This Creator
Popular Quizzes Today
1
Find the US States - No Outlines Minefield
2
Find the Countries of Europe - No Outlines Minefield
3
The Countries of the World
4
Find the US States
5
Risky Map Clicking: Biggest States A-Z
6
US States
7
Popular People in 1961
8
Movies - When Are They Set?
More Sports Quizzes
Weird Sports Match-Up
Published
Trending Quizzes
Risky Map Clicking: Least Populous States A-Z
Billboard Blitz: Aretha Franklin
1-10 Letter G Words
Countries of the World: 200 Million BC
1-10 Letter F Words
Recently Updated
Leaping Animals
pecheneg
Reality TV Shows (A-Z)
bhenderson79
Rickey Henderson's Hall of Fame Teammates
pecheneg
Champions League XIs: Arsenal
pecheneg
Quick Pick: Celebrities in WWE's Hall of Fame
aduchscher
A-Z Keypad Blitz II
pecheneg
Multiple Oscar Actors
pecheneg
Mystery Phrase Blitz: Oscar 'Best Actors'
pecheneg
F. Scott Fitzgerald Novels
LTH
Pick 3 Villains
ddd62291
Trending Topics
Marvel
Disney
Kpop
Anime
Harry Potter
NBA
Crossword
Puzzle
Pokémon
WWE
Country
Song
Soccer
The Office
NFL
Your Account Isn't Verified!
In order to create a playlist on Sporcle, you need to verify the email address you used during registration. Go to your
Sporcle Settings
to finish the process.
Report this User
Report this user for behavior that violates our
Community Guidelines
.
Details:
Send Report
Go to the Sporcle.com Mobile Site →
Comments